| 000 | 00467nam a2200217Ia 4500 | ||
|---|---|---|---|
| 001 | 110681 | ||
| 003 | YMCAF | ||
| 005 | 20230512162424.0 | ||
| 008 | 100717s2004 ||||||||||||||||| ||und|d | ||
| 024 | _a110681 | ||
| 035 | _aWB1668 | ||
| 040 |
_aYMCAF _beng _cIN-KoLT |
||
| 041 | _aeng | ||
| 082 |
_a621.3 _bCAT |
||
| 100 | _aCathey/Nasar | ||
| 245 | 0 | _aBasic electrical engineering | |
| 250 | _a2nd | ||
| 260 |
_bTMH _c2004 |
||
| 300 | _a335 | ||
| 942 |
_2ddc _cBK |
||
| 999 |
_c11954 _d11954 |
||